Sistema de información basado en tecnología móvil con SmartDevices para la gestión de pedidos de productos en rutas de distribución

Presenta un sistema de información automatizado que permitira al personal procesar la información de visita provenientes de las diferentes rutas de distribución de productos en menor tiempo posible y contar con la disponibilidad de los reportes de ventas.

Bibliographic Details
Main Author: Montenegro Morales, Carlos Germán
Other Authors: Tutor: Díaz Chow, José Leónidas
Format: Tesis Section = Libro
Language:Undetermined
Spanish
Published: Managua UNI 2019
Subjects:
LEADER 01094nam a2200253Ia 4500
008 240830s9999 xx 000 0 und d
040 |a BIBLIOTECA-RUSB/ Mon 005.74 M777 
041 |a spa 
082 |a Mon 005.74 M777 
100 1 |a Montenegro Morales, Carlos Germán 
245 1 0 |a Sistema de información basado en tecnología móvil con SmartDevices para la gestión de pedidos de productos en rutas de distribución 
260 |a Managua  |b UNI  |c 2019 
300 |a 245 p. :il. 
500 |a Contiene: anexos y CD. 
502 |a Tesis (Ingeniero en Computación) - UNI, 2019. 
520 3 |a Presenta un sistema de información automatizado que permitira al personal procesar la información de visita provenientes de las diferentes rutas de distribución de productos en menor tiempo posible y contar con la disponibilidad de los reportes de ventas. 
650 7 |a SISTEMA WEB 
650 7 |b  USUARIOS 
650 7 |c  GESTION DE INFORMACION 
650 7 |d  APLICACION MOVIL- ANDROID 
700 1 |a Tutor:  |b Díaz Chow, José Leónidas 
942 |c BK  |2 ddc 
991 |a TESIS 
999 |c 19810